[Event "Enniscrone Sligo op-B"]
[Site "Enniscrone"]
[Date "2025.02.02"]
[Round "4"]
[White "McClatchey, Rob"]
[Black "Ranade, Akshay"]
[Result "1/2-1/2"]
[WhiteElo "1754"]
[BlackElo "1675"]
[PlyCount "51"]
[EventDate "2025.01.31"]
[EventType "swiss"]
[EventRounds "5"]
[EventCountry "IRL"]
[SourceTitle "CB06_2025"]
[SourceDate "2025.02.05"]
[SourceVersion "1"]
[SourceVersionDate "2025.02.05"]
[SourceQuality "1"]

1. d4 d5 2. Nf3 Nf6 3. e3 e6 4. Bd3 Nbd7 5. Nbd2 c5 6. c3 b6 7. 0-0 Bb7 8. b3 Be7 9. Ne5 0-0 10. Qc2 Rc8 11. Bb2 Qc7 12. f4 g6 13. Rac1 Rfd8 14. Ndf3 Ne4 15. Qe2 Bf6 16. Nd2 Bg7 17. Nxe4 dxe4 18. Bc4 Nf6 19. g4 Nd5 20. g5 Ne7 21. Ng4 Nf5 22. Qf2 Qe7 23. Be2 cxd4 24. cxd4 Qb4 25. Qe1 Qd6 26. Qd2 1/2-1/2

[Event "Enniscrone Sligo op-B"]
[Site "Enniscrone"]
[Date "2025.02.01"]
[Round "2"]
[White "Ranade, Akshay"]
[Black "Wynarczyk, Raymond"]
[Result "0-1"]
[WhiteElo "1675"]
[BlackElo "1833"]
[PlyCount "122"]
[EventDate "2025.01.31"]
[EventType "swiss"]
[EventRounds "5"]
[EventCountry "IRL"]
[SourceTitle "CB06_2025"]
[SourceDate "2025.02.05"]
[SourceVersion "1"]
[SourceVersionDate "2025.02.05"]
[SourceQuality "1"]

1. c4 e6 2. g3 d5 3. Bg2 Nf6 4. Nf3 Nbd7 5. 0-0 Be7 6. Nc3 0-0 7. b3 Nb6 8. cxd5 Nbxd5 9. Bb2 b6 10. Ne5 Bb7 11. Nb5 c5 12. Rc1 a6 13. Na3 Rc8 14. Nc2 Rc7 15. d4 Qa8 16. a3 Rfc8 17. e4 cxd4 18. exd5 Bxd5 19. Bxd5 Qxd5 20. Nc4 Bc5 21. Nb4 Qf5 22. Kg2 b5 23. Nd2 Bxb4 24. Rxc7 Rxc7 25. axb4 Nd5 26. Bxd4 Nxb4 27. Nf3 Qd5 28. Bb6 Rc3 29. Qxd5 Nxd5 30. Bd4 Rxb3 31. Ra1 Nb4 32. Bc5 f6 33. Bxb4 Rxb4 34. Rxa6 Kf7 35. Ra7+ Kg6 36. Re7 Re4 37. Nh4+ Kh6 38. Kf3 f5 39. Ng2 g5 40. h3 Kg6 41. Ne3 h5 42. Nd1 g4+ 43. hxg4 hxg4+ 44. Kg2 b4 45. Nb2 Kf6 46. Rb7 e5 47. Rb6+ Kg5 48. Nd3 f4 49. gxf4+ exf4 50. Rxb4 Kf5 51. Rxe4 Kxe4 52. Ne1 Kd4 53. Kf1 Ke4 54. Ke2 Kd4 55. Kd2 Ke4 56. Kc3 g3 57. f3+ Ke3 58. Kc2 Ke2 59. Ng2 Kxf3 60. Nh4+ Kf2 61. Kd2 g2 0-1